| 000 | 00468nam a22001697a 4500 | ||
|---|---|---|---|
| 003 | OSt | ||
| 005 | 20260401120705.0 | ||
| 008 | 260401b |||||||| |||| 00| 0 eng d | ||
| 020 | _a9789914735055 | ||
| 028 | _b+254716222644 | ||
| 040 | _cMENTOR PUBLISHING CO LTD | ||
| 050 | _aPL 8701 .L83 2025 | ||
| 245 |
_aMTAALA WA KIUMILISI _bKIELEKEZI CHA KISWAHILI G7 _cLUBANGA, C. |
||
| 250 | _a1ST ED | ||
| 260 |
_aKENYA _bMENTOR PULISHERS CO LTD _c2025 |
||
| 942 |
_2ddc _cBK _n0 |
||
| 999 |
_c10026 _d10026 |
||